Surnoms de combattants UFC - Statistiques

Statistiques générales
  • Ce quiz a été pris 1 376 fois
  • Le résultat moyen est 12 sur 20
Statistiques - réponses
Surnoms Réponses % Correct
The Notorious Conor McGregor
98%
Bones Jon Jones
97%
The Diamond Dustin Poirier
87%
The Eagle Khabib Nurmagomedov
82%
The Nigerian Nightmare Kamaru Usman
79%
DC Daniel Cormier
76%
Sugar Sean O'Malley
74%
The Last Stylebender Israel Adesanya
71%
Blessed Max Holloway
66%
The Spider Anderson Silva
63%
Mighty Mouse Demetrius Johnson
60%
Rush Georges St-Pierre
60%
The Predator Francis NGannou
57%
El Cucuy Tony Ferguson
54%
The Great Alexander Volkanovski
48%
Rocky Leon Edwards
43%
Scarface Jose Aldo
22%
The American Ganster Chael Sonnen
12%
The Natural Randy Couture
10%
The Prodigy B.J Penn
8%
Aucun quiz correspondant
Distribution des résultats
% des personnes avec chaque résultat
Percentile par nombre de réponses
Votre historique - résultats
Vous n’avez pas pris ce quiz